000 01110nam a2200325 i 4500
001 184944
003 SpMaBN
005 20260701143608.0
008 160224s1984 sp |||| |dspa d
020 _a84-7175-109-7
080 _a821.133.1-14"14"
100 0 _aVillon, François,
_d1431-ca. 1463
_9115268
245 1 0 _aPoesía completa /
_cVillon ; [traducción, Federico Gorbea].
250 _aEd. bilingüe
_b3ª ed. [rev. y corr. por Francisco J. Herranz Masjuán].
260 _aBarcelona :
_bEdiciones 29,
_c1984.
300 _a296 p. ;
_c19 cm.
490 1 _aLibros río nuevo
490 1 _aAire fresco. Poesía
500 _aCronología.
500 _aÍndice.
505 8 _aContiene: ;
_tLos legados ;
_tPoemas diversos
546 _aTexto original y traducción en español.
700 1 _aGorbea, Federico.
_959130
700 1 _aHerranz Masjuán, Francisco J.
_9158857
740 4 2 _aLos legados.
830 0 0 _aLibros río nuevo
_9193272
830 0 _aAire fresco. Poesía
_9225150
852 _aES-MaACL
_jL-30216
_z. - Donat. Miguel A. Velasco
999 _c184944
_d184944